000 00650nam a22002057a 4500
005 20170522161807.0
010 _aENG-118316
020 _a9788131250846
_c950.00
035 _aEN-101848
037 _bDBAD/PUB
082 _a336.24
100 _aVaid, Nitin
245 _aNitin Vaid's Tax deduction at source :
_cby Nitin Vaid
_bsimplified /
250 _a3rd ed.
_bAnuj Mahajan
260 _bLexisNexis
_c2015
_aGurgaon
270 _bGurgaon
_e122002
_a14th Floor Building No.10, Tower-B, DLF Cyber City, Phase-II,
300 _avarious pagings
_c23cm (pbk)
700 _dAnuj Mahajan
942 _2ddc
_cEN
_mVAI
_h336.24
999 _c140247
_d140247